Les clubs européens les plus titrés - Statistiques

Statistiques générales
  • Ce quiz a été pris 188 fois
  • Le résultat moyen est 9 sur 11
Statistiques - réponses
Club Nombre de trophées % Correct
Réal Madrid 87
99%
Bayern Munich 70
97%
Fc Barcelone 82
94%
Manchester United 68
94%
Juventus 68
93%
Liverpool 67
93%
Inter Milan 39
87%
Arsenal 47
75%
Chelsea 31
74%
Milan AC 50
69%
Atlético Madrid 28
59%
Aucun quiz correspondant
Distribution des résultats
% des personnes avec chaque résultat
Percentile par nombre de réponses
Votre historique - résultats
Vous n’avez pas pris ce quiz